Statistics for European Countries Ending In D

Click here to take the quiz!

General Stats

  • This quiz has been taken 58 times
  • The average score is 4 of 5

Answer Stats

Answer% Correct
Ireland
92%
Iceland
92%
Finland
83%
Poland
69%
Switzerland
58%

Score Distribution

Percentile by Number Answered

Percent of People with Each Score

Your Score History

You have not taken this quiz